[Event "Titled Tuesday intern op 30th Apr Early"]
[Site "Chess.com INT"]
[Date "2024.04.30"]
[Round "8"]
[White "Klinova, Masha"]
[Black "Moreira, Ronaldo Alonso"]
[Result "0-1"]
[WhiteElo "2235"]
[BlackElo "2088"]
[PlyCount "88"]
[EventDate "2024.04.30"]
[EventType "swiss (blitz)"]
[EventRounds "11"]
[EventCountry "USA"]
[SourceTitle "CB19_2024"]
[SourceDate "2024.05.08"]
[SourceVersion "1"]
[SourceVersionDate "2024.05.08"]
[SourceQuality "1"]

1. d4 Nf6 2. c4 e6 3. Nc3 d5 4. Nf3 Bb4 5. cxd5 exd5 6. Bg5 h6 7. Bxf6 Qxf6 8. e3 0-0 9. Be2 Bg4 10. 0-0 c6 11. h3 Bh5 12. Ne5 Bxe2 13. Qxe2 Bd6 14. Ng4 Qe7 15. e4 dxe4 16. Qxe4 Qxe4 17. Nxe4 Bc7 18. Nc5 b6 19. Nb3 Bd6 20. Rac1 Rc8 21. Rfe1 Nd7 22. Ne5 Nxe5 23. dxe5 Be7 24. f4 c5 25. Red1 Rd8 26. Kf1 Rxd1+ 27. Rxd1 Rd8 28. Rxd8+ Bxd8 29. Ke2 Kf8 30. Kd3 Ke7 31. Ke4 Ke6 32. g4 g6 33. Nd2 b5 34. Nb3 Bb6 35. f5+ Kd7 36. Kd5 c4 37. Nc5+ Bxc5 38. Kxc5 a6 39. Kb6 b4 40. e6+ fxe6 41. fxg6 Ke7 42. h4 Kf6 43. Kc5 c3 44. Kc4 cxb2 0-1

[Event "Titled Tuesday intern op 02nd Apr Early"]
[Site "Chess.com INT"]
[Date "2024.04.02"]
[Round "11"]
[White "Moreira, Ronaldo Alonso"]
[Black "Kahlert, Thomas"]
[Result "1/2-1/2"]
[WhiteElo "2088"]
[BlackElo "2122"]
[PlyCount "59"]
[EventDate "2024.04.02"]
[EventType "swiss (blitz)"]
[EventRounds "11"]
[EventCountry "USA"]
[SourceTitle "CB15_2024"]
[SourceDate "2024.04.10"]
[SourceVersion "1"]
[SourceVersionDate "2024.04.10"]
[SourceQuality "1"]

1. d4 Nf6 2. c4 c5 3. d5 e5 4. Nc3 d6 5. g3 Be7 6. Bg2 0-0 7. e4 Na6 8. h3 Bd7 9. Nge2 Ne8 10. 0-0 Nec7 11. a4 Nb4 12. f4 Bf6 13. f5 Bg5 14. g4 a5 15. Kh2 h6 16. Ng3 g6 17. Rf2 Ne8 18. Bxg5 Qxg5 19. Qd2 Qxd2 20. Rxd2 g5 21. Bf3 Nf6 22. Kg2 Kg7 23. Rh1 Rh8 24. h4 b6 25. h5 Rhb8 26. Ra1 Rc8 27. Rc1 Rcb8 28. Ra1 Rc8 29. Rc1 Rcb8 30. Ra1 1/2-1/2

[Event "Titled Tuesday intern op 11th Apr Late"]
[Site "Chess.com INT"]
[Date "2023.04.11"]
[Round "2"]
[White "Mendes, Aaron Reeve"]
[Black "Moreira, Ronaldo Alonso"]
[Result "1-0"]
[WhiteElo "2043"]
[BlackElo "2088"]
[PlyCount "51"]
[EventDate "2023.04.11"]
[EventType "swiss (blitz)"]
[EventRounds "11"]
[EventCountry "USA"]
[SourceTitle "CBM 213 Extra"]
[Source "ChessBase"]
[SourceDate "2023.05.31"]
[SourceVersion "1"]
[SourceVersionDate "2023.05.31"]
[SourceQuality "1"]

1. e4 e6 2. Nf3 d5 3. Nc3 d4 4. Ne2 c5 5. d3 Nc6 6. g3 e5 7. Bg2 g6 8. 0-0 Bg7 9. Nd2 Nge7 10. f4 f5 11. a4 0-0 12. Nc4 Qc7 13. fxe5 Nxe5 14. Bf4 N7c6 15. c3 Be6 16. cxd4 cxd4 17. exf5 Bxf5 18. Bxc6 bxc6 19. Nxd4 Rad8 20. Nxf5 Rxf5 21. Qe2 Qd7 22. Bxe5 Bxe5 23. Rxf5 Bd4+ 24. Rf2 Rf8 25. Raf1 Qd5 26. Ne3 1-0

[Event "Titled Tuesday intern op 02nd Aug Late"]
[Site "Chess.com INT"]
[Date "2022.08.02"]
[Round "6"]
[White "Moreira, Ronaldo Alonso"]
[Black "Ardila, Oscar Humberto"]
[Result "0-1"]
[WhiteElo "2088"]
[BlackElo "2019"]
[PlyCount "52"]
[EventDate "2022.08.02"]
[EventType "swiss (blitz)"]
[EventRounds "11"]
[EventCountry "USA"]
[SourceTitle "EXT 2023"]
[Source "ChessBase"]
[SourceDate "2022.10.05"]
[SourceVersion "1"]
[SourceVersionDate "2022.10.05"]
[SourceQuality "1"]

1. d4 Nf6 2. c4 g6 3. Nc3 Bg7 4. e4 d6 5. Nf3 0-0 6. h3 Nbd7 7. Bg5 h6 8. Be3 e5 9. d5 Nc5 10. Nd2 a5 11. g4 c6 12. Rg1 cxd5 13. cxd5 Ne8 14. Nb3 b6 15. Nxc5 bxc5 16. a4 Rb8 17. Qd2 Kh7 18. h4 f5 19. gxf5 gxf5 20. f3 Qxh4+ 21. Bf2 Qe7 22. 0-0-0 f4 23. Be2 Rb4 24. Rh1 Bd7 25. Bh4 Nf6 26. Bb5 Rb8 0-1

[Event "Titled Tuesday intern op 02nd Aug Late"]
[Site "Chess.com INT"]
[Date "2022.08.02"]
[Round "4"]
[White "Moreira, Ronaldo Alonso"]
[Black "Ward, Ieuan C"]
[Result "0-1"]
[WhiteElo "2088"]
[BlackElo "2028"]
[PlyCount "56"]
[EventDate "2022.08.02"]
[EventType "swiss (blitz)"]
[EventRounds "11"]
[EventCountry "USA"]
[SourceTitle "EXT 2023"]
[Source "ChessBase"]
[SourceDate "2022.10.05"]
[SourceVersion "1"]
[SourceVersionDate "2022.10.05"]
[SourceQuality "1"]

1. d4 Nf6 2. c4 e6 3. Nc3 Bb4 4. e3 0-0 5. Bd2 c5 6. dxc5 Bxc5 7. Nf3 Nc6 8. Bd3 b6 9. 0-0 Bb7 10. a3 d5 11. cxd5 exd5 12. b4 Bd6 13. Nb5 Bb8 14. Rc1 a6 15. Nbd4 Ne5 16. Qe2 Nxd3 17. Qxd3 Ne4 18. Rfd1 Qf6 19. Ne2 h6 20. Nc3 Nxd2 21. Rxd2 Rd8 22. Qd4 Qe6 23. e4 Bf4 24. exd5 Qf6 25. Qxf6 gxf6 26. Rcd1 Bxd2 27. Rxd2 Rac8 28. Ne2 Rxd5 0-1

[Event "Titled Tuesday intern op 19th Jul Late"]
[Site "Chess.com INT"]
[Date "2022.07.19"]
[Round "6"]
[White "Moreira, Ronaldo Alonso"]
[Black "Jorajuria Mendoza, Algol"]
[Result "0-1"]
[WhiteElo "2088"]
[BlackElo "2157"]
[PlyCount "42"]
[EventDate "2022.07.19"]
[EventType "swiss (blitz)"]
[EventRounds "11"]
[EventCountry "USA"]
[SourceTitle "EXT 2023"]
[Source "ChessBase"]
[SourceDate "2022.10.05"]
[SourceVersion "1"]
[SourceVersionDate "2022.10.05"]
[SourceQuality "1"]

1. d4 d5 2. c4 e6 3. Nc3 Bb4 4. e3 Nf6 5. Bd2 0-0 6. Nf3 b6 7. cxd5 exd5 8. Ne5 Bb7 9. Rc1 c5 10. Bd3 Nc6 11. 0-0 Nxe5 12. dxe5 Nd7 13. f4 Qh4 14. Be1 Qh6 15. Rf3 g6 16. Bb5 Rad8 17. Qa4 Nxe5 18. fxe5 d4 19. Rh3 Qg5 20. Rg3 Qxe5 21. exd4 Rxd4 0-1

[Event "Titled Tuesday intern op 01st Mar Early"]
[Site "Chess.com INT"]
[Date "2022.03.01"]
[Round "9"]
[White "Gatterer, Florian"]
[Black "Moreira, Ronaldo Alonso"]
[Result "1-0"]
[WhiteElo "2179"]
[BlackElo "2088"]
[PlyCount "93"]
[EventDate "2022.03.01"]
[EventType "swiss (blitz)"]
[EventRounds "11"]
[EventCountry "USA"]
[SourceTitle "CBM 207 Extra"]
[Source "ChessBase"]
[SourceDate "2022.05.31"]
[SourceVersion "1"]
[SourceVersionDate "2022.05.31"]
[SourceQuality "1"]

1. e4 e5 2. Nf3 Nc6 3. Bb5 a6 4. Ba4 Nf6 5. 0-0 Be7 6. d3 b5 7. Bb3 0-0 8. a3 d6 9. Nc3 Bg4 10. Bg5 Na5 11. Ba2 h6 12. Bxf6 Bxf6 13. h3 Be6 14. Nd5 c6 15. Ne3 Bxa2 16. Rxa2 g6 17. Qe2 Re8 18. b3 Qc7 19. Raa1 Rad8 20. b4 Nb7 21. c4 Bg7 22. Rfc1 Qb6 23. a4 bxa4 24. Rxa4 a5 25. bxa5 Nxa5 26. Qa2 Nb7 27. Rb1 Qc7 28. Ra7 Rb8 29. Qa6 Nc5 30. Rxb8 Qxb8 31. Qa2 Nxd3 32. Ng4 Nc5 33. h4 Nxe4 34. Ne3 Nc5 35. g3 e4 36. Nh2 Qb3 37. Qa5 Qb1+ 38. Kg2 Nd3 39. Qc7 Qb2 40. Qxf7+ Kh8 41. Neg4 Rf8 42. Nxh6 Rxf7 43. Nxf7+ Kg8 44. Ng4 Kf8 45. Ng5 Ne5 46. Ne6+ Ke8 47. Nxe5 1-0

[Event "Titled Tuesday intern op 01st Mar Early"]
[Site "Chess.com INT"]
[Date "2022.03.01"]
[Round "3"]
[White "Moreira, Ronaldo Alonso"]
[Black "Kushko, Dmitriy"]
[Result "0-1"]
[WhiteElo "2088"]
[BlackElo "2302"]
[PlyCount "52"]
[EventDate "2022.03.01"]
[EventType "swiss (blitz)"]
[EventRounds "11"]
[EventCountry "USA"]
[SourceTitle "CBM 207 Extra"]
[Source "ChessBase"]
[SourceDate "2022.05.31"]
[SourceVersion "1"]
[SourceVersionDate "2022.05.31"]
[SourceQuality "1"]

1. d4 g6 2. c4 Bg7 3. Nc3 Nf6 4. e4 d6 5. Nf3 0-0 6. h3 e5 7. d5 a5 8. Be3 Na6 9. g4 Nd7 10. a3 Nb6 11. Be2 f5 12. gxf5 gxf5 13. Rg1 Kh8 14. Bg5 Bf6 15. Qd2 Nc5 16. Qc2 fxe4 17. Nxe4 Bf5 18. Bd3 Bxg5 19. Nfxg5 Nxd3+ 20. Qxd3 Qe7 21. 0-0-0 Rg8 22. Qc3 Rg6 23. Rde1 Rag8 24. Rh1 Rxg5 25. Nxg5 Qxg5+ 26. Re3 Qf4 0-1

[Event "Titled Tuesday intern op 15th Feb Late"]
[Site "Chess.com INT"]
[Date "2022.02.15"]
[Round "1"]
[White "Stoleriu, George"]
[Black "Moreira, Ronaldo Alonso"]
[Result "1-0"]
[WhiteElo "2419"]
[BlackElo "2088"]
[PlyCount "53"]
[EventDate "2022.02.15"]
[EventType "swiss (blitz)"]
[EventRounds "11"]
[EventCountry "USA"]
[SourceTitle "CBM 206 Extra"]
[Source "ChessBase"]
[SourceDate "2022.03.31"]
[SourceVersion "1"]
[SourceVersionDate "2022.03.31"]
[SourceQuality "1"]

1. e4 e5 2. Nf3 Nc6 3. Bb5 a6 4. Ba4 Nf6 5. d3 Be7 6. Bxc6 dxc6 7. Nxe5 0-0 8. Nc3 Re8 9. 0-0 Bd6 10. Nf3 Bg4 11. h3 Bh5 12. Bg5 h6 13. Bh4 g5 14. Bg3 Bxg3 15. fxg3 Bg6 16. g4 Qe7 17. Kh1 Rad8 18. Qe1 Kg7 19. Qf2 Nd7 20. d4 Qb4 21. Rab1 Bxe4 22. Nxe4 Rxe4 23. Nxg5 hxg5 24. Qxf7+ Kh8 25. Qh5+ Kg8 26. Qxg5+ Kh7 27. Rf7+ 1-0

[Event "Titled Tuesday intern op 08th Feb Late"]
[Site "Chess.com INT"]
[Date "2022.02.08"]
[Round "1"]
[White "Moreira, Ronaldo Alonso"]
[Black "Gurevich, Dmitry"]
[Result "0-1"]
[WhiteElo "2088"]
[BlackElo "2363"]
[PlyCount "54"]
[EventDate "2022.02.08"]
[EventType "swiss (blitz)"]
[EventRounds "11"]
[EventCountry "USA"]
[SourceTitle "CBM 206 Extra"]
[Source "ChessBase"]
[SourceDate "2022.03.31"]
[SourceVersion "1"]
[SourceVersionDate "2022.03.31"]
[SourceQuality "1"]

1. d4 Nf6 2. c4 e6 3. Nc3 Bb4 4. e3 c5 5. Nge2 b6 6. a3 Ba5 7. Bd2 Qe7 8. Ng3 Ba6 9. Be2 Nc6 10. 0-0 0-0 11. Qc2 cxd4 12. exd4 Nxd4 13. Qd3 Nxe2+ 14. Ngxe2 Bxc3 15. Bxc3 d5 16. Bb4 Qd7 17. Bxf8 Bxc4 18. Qf3 Rxf8 19. Rfd1 Qb7 20. Nc3 e5 21. Qf5 Re8 22. Re1 e4 23. f3 h6 24. fxe4 dxe4 25. Re3 Bd3 26. Rae1 Rd8 27. Qe5 Qc6 0-1

[Event "Titled Tuesday intern op 08th Feb Late"]
[Site "Chess.com INT"]
[Date "2022.02.08"]
[Round "2"]
[White "Moreira, Ronaldo Alonso"]
[Black "Karas, Marek"]
[Result "0-1"]
[WhiteElo "2088"]
[BlackElo "2285"]
[PlyCount "56"]
[EventDate "2022.02.08"]
[EventType "swiss (blitz)"]
[EventRounds "11"]
[EventCountry "USA"]
[SourceTitle "CBM 206 Extra"]
[Source "ChessBase"]
[SourceDate "2022.03.31"]
[SourceVersion "1"]
[SourceVersionDate "2022.03.31"]
[SourceQuality "1"]

1. d4 Nf6 2. c4 c5 3. d5 b5 4. cxb5 a6 5. bxa6 e6 6. dxe6 fxe6 7. g3 Bxa6 8. Bg2 d5 9. Nf3 Bd6 10. 0-0 0-0 11. Re1 Nc6 12. Ng5 Qd7 13. e4 Be5 14. exd5 exd5 15. Nc3 Rad8 16. Qa4 Bb7 17. Qh4 h6 18. Nf3 Bb8 19. b3 Nb4 20. Bh3 Qc6 21. Re6 Rd6 22. Rxd6 Qxd6 23. Bf4 Qc6 24. Bxb8 Rxb8 25. Rd1 d4 26. Bg2 dxc3 27. Qc4+ Kh8 28. Nh4 c2 0-1

[Event "Titled Tuesday intern op 08th Feb Late"]
[Site "Chess.com INT"]
[Date "2022.02.08"]
[Round "4"]
[White "Moreira, Ronaldo Alonso"]
[Black "Pavlidou, Ekaterini"]
[Result "0-1"]
[WhiteElo "2088"]
[BlackElo "2189"]
[PlyCount "81"]
[EventDate "2022.02.08"]
[EventType "swiss (blitz)"]
[EventRounds "11"]
[EventCountry "USA"]
[SourceTitle "CBM 206 Extra"]
[Source "ChessBase"]
[SourceDate "2022.03.31"]
[SourceVersion "1"]
[SourceVersionDate "2022.03.31"]
[SourceQuality "1"]

1. d4 Nf6 2. c4 g6 3. Nc3 Bg7 4. e4 d6 5. Nf3 0-0 6. h3 e5 7. d5 a5 8. Be3 Na6 9. g4 Nd7 10. Rg1 Nac5 11. Be2 Kh8 12. h4 f5 13. gxf5 gxf5 14. Bg5 Nf6 15. Nd2 f4 16. Qc2 h6 17. Bxf6 Qxf6 18. 0-0-0 Bd7 19. Bg4 Be8 20. Nf3 b5 21. cxb5 a4 22. Bf5 Bh5 23. Bg4 Bg6 24. Rg2 Rfb8 25. Rdg1 Ra5 26. Bf5 Bxf5 27. Rxg7 Bh7 28. h5 Qxg7 29. Rxg7 Kxg7 30. Qe2 Kh8 31. Nd2 Rg8 32. Nc4 Raa8 33. b6 cxb6 34. Nxd6 Rg1+ 35. Kc2 b5 36. Nf7+ Kg7 37. Nxe5 b4 38. Nb5 Nxe4 39. Nf3 Nc3+ 40. Kd2 Nxe2 41. Kxe2 0-1

[Event "Titled Tuesday intern op 01st Feb-B"]
[Site "Chess.com INT"]
[Date "2022.02.02"]
[Round "2"]
[White "Moreira, Ronaldo Alonso"]
[Black "Dolzhikova, Kateryna"]
[Result "0-1"]
[WhiteElo "2088"]
[BlackElo "2199"]
[PlyCount "58"]
[EventDate "2022.02.02"]
[EventType "swiss (blitz)"]
[EventRounds "11"]
[EventCountry "USA"]
[SourceTitle "CBM 206 Extra"]
[Source "ChessBase"]
[SourceDate "2022.03.31"]
[SourceVersion "1"]
[SourceVersionDate "2022.03.31"]
[SourceQuality "1"]

1. d4 Nf6 2. c4 e6 3. Nc3 d5 4. cxd5 exd5 5. Bg5 c6 6. e3 Be7 7. Bd3 0-0 8. Qc2 h6 9. Bh4 Re8 10. Nf3 Ne4 11. Bxe7 Qxe7 12. Bxe4 dxe4 13. Nd2 Bf5 14. Ne2 Nd7 15. Rc1 Nf6 16. Qc5 Qd7 17. b4 Bg6 18. Nc4 Qg4 19. Ng3 Nd5 20. Ne5 Qe6 21. Nxg6 Qxg6 22. b5 Rac8 23. 0-0 h5 24. h3 Nxe3 25. Rfe1 Nd5 26. Nf1 Nf4 27. Ne3 Nxh3+ 28. Kf1 Nf4 29. Qxa7 Nd3 0-1

[Event "Titled Tuesday intern op 25th Jan"]
[Site "Chess.com INT"]
[Date "2022.01.25"]
[Round "2"]
[White "Debray, Christopher"]
[Black "Moreira, Ronaldo Alonso"]
[Result "1-0"]
[WhiteElo "2365"]
[BlackElo "2088"]
[PlyCount "49"]
[EventDate "2022.01.25"]
[EventType "swiss (blitz)"]
[EventRounds "11"]
[EventCountry "USA"]
[SourceTitle "CBM 206 Extra"]
[Source "ChessBase"]
[SourceDate "2022.03.31"]
[SourceVersion "1"]
[SourceVersionDate "2022.03.31"]
[SourceQuality "1"]

1. d4 Nf6 2. Bf4 d5 3. e3 c5 4. Nc3 a6 5. Nf3 e6 6. Ne5 Nc6 7. g4 Be7 8. g5 Nd7 9. h4 Ndxe5 10. dxe5 b5 11. Bg2 Bb7 12. Qg4 Qa5 13. 0-0 Qc7 14. Qg3 0-0-0 15. Rfd1 h6 16. g6 fxg6 17. Qxg6 Qd7 18. Bh3 Kb8 19. Bxe6 Qe8 20. Qxe8 Rhxe8 21. Bxd5 Bxh4 22. Ne4 Nxe5 23. Bxb7 Rxd1+ 24. Rxd1 Kxb7 25. Nd6+ 1-0